LIBRARY & INFORMATION CENTRE, KCAET, TAVANUR

ONLINE PUBLIC ACCESS CATALOGUE (OPAC)

Continuum mechanics / (Record no. 10022)

MARC details
000 -LEADER
fixed length control field 00450cam a2200181ua 4500
041 ## - LANGUAGE CODE
Language code of text/sound track or separate title eng
082 ## - DEWEY DECIMAL CLASSIFICATION NUMBER
Classification number 531
Item number CHA/CO
100 ## - MAIN ENTRY--AUTHOR NAME
Personal name Chandrasekharaih, D S .
245 ## - TITLE STATEMENT
Title Continuum mechanics /
260 ## - PUBLICATION, DISTRIBUTION, ETC. (IMPRINT)
Place of publication New York :
Name of publisher Academic Press ,
Year of publication 1900.
300 ## - PHYSICAL DESCRIPTION
Number of Pages 583 ; .
500 ## - GENERAL NOTE
General note **Reference
942 ## - ADDED ENTRY ELEMENTS (KOHA)
Koha item type Books
Holdings
Withdrawn status Lost status Damaged status Home library Current library Shelving location Date acquired Full call number Accession Number Koha item type
      KAUAET KAUAET General Stacks 07/04/2012 531 CHA/CO 20368 Books
free website counter